| Tag |
First Indicator |
Second Indicator |
Subfields |
| LEADER |
00000ccm a2200000 i 4500 |
| 001 |
in00001407092 |
| 005 |
20151020073125.0 |
| 008 |
800919s1976 enkcgb hi n N/A |
| 010 |
|
|
|a 77770431
|
| 028 |
2 |
0 |
|a E.E. 6713
|b E. Eulenberg
|
| 028 |
3 |
0 |
|a 257
|b Edition Eulenberg
|
| 035 |
|
|
|a (OCoLC)06732418
|
| 035 |
|
|
|9 AHQ4064AM
|
| 040 |
|
|
|a DLC
|c BXM
|d CPL
|d TXA
|d UtOrBLW
|
| 041 |
0 |
|
|g eng
|g ger
|
| 045 |
|
|
|a v2v2
|
| 048 |
|
|
|b bb01
|b wh01
|b wb01
|b sa01
|a oc
|
| 049 |
|
|
|a TXAM
|
| 050 |
0 |
0 |
|a M1040
|b .B22 no. 2 1976
|
| 090 |
|
|
|a M1040.B13
|b no.2 1976
|
| 100 |
1 |
|
|a Bach, Johann Sebastian,
|d 1685-1750.
|
| 240 |
1 |
0 |
|a Brandenburgische Konzerte.
|n Nr. 2
|
| 245 |
1 |
0 |
|a Brandenburg concerto :
|b no. 2, F major, BWV 1047 /
|c Johann Sebastian Bach ; edited by Roger Fiske.
|
| 264 |
|
1 |
|a London :
|b E. Eulenburg ;
|a New York :
|b Edition Eulenburg,
|c [1976]
|
| 264 |
|
4 |
|c ©1976
|
| 300 |
|
|
|a x pages, miniature score (36 pages) ;
|c 19 cm.
|
| 336 |
|
|
|a notated music
|b ntm
|2 rdacontent
|
| 337 |
|
|
|a unmediated
|b n
|2 rdamedia
|
| 338 |
|
|
|a volume
|b nc
|2 rdacarrier
|
| 500 |
|
|
|a "Edition Eulenburg, number 257."
|
| 650 |
|
0 |
|a Concerti grossi
|v Scores.
|
| 948 |
|
|
|a c:jlg
|
| 999 |
|
|
|a MARS
|
| 999 |
f |
f |
|s c640a215-d43c-3cd6-9caf-997648ea51ef
|i c6e38334-7421-309d-ae74-e6c8991bcab3
|t 0
|
| 952 |
f |
f |
|p ric
|a Texas A&M University
|b Rellis Campus
|c Joint Library Facility
|d Remote Storage
|t 0
|e M1040.B13 no.2 1976
|h Library of Congress classification
|i unmediated -- volume
|m A14823305400
|
| 998 |
f |
f |
|a M1040.B13 no.2 1976
|t 0
|l Remote Storage
|